| 000 | 01060nam a2200265Ia 4500 | ||
|---|---|---|---|
| 005 | 20220317000805.0 | ||
| 008 | 160601s1998 ck a g 000 0 spa | ||
| 020 | _a9589177050 | ||
| 082 | 0 | 4 |
_a026.30563 _bB31s |
| 100 | 1 | _aMontalvo Villegas, Clemencia | |
| 245 | 1 | 0 |
_aServicios bibliotecarios públicos para el sector rural _bcolecciones rurales _cClemencia Montalvo Villegas ; ilustraciones José Carlos Villegas Rodríguez |
| 250 | _a1a. edición | ||
| 300 |
_a21 páginas _bilustraciones _c24 cm |
||
| 490 |
_aManuales y guías _v6 |
||
| 650 | 1 | 4 |
_2LEMB _aBibliotecas públicas _zColombia. |
| 650 | 1 | 4 |
_2LEMB _aBibliotecas rurales _zColombia |
| 650 | 1 | 4 |
_2LEMB _aServicios de consulta (Bibliotecas públicas) _zColombia |
| 700 | 1 |
_aVillegas Rodríguez, José Carlos _eilustrador _955342 |
|
| 942 |
_2ddc _cBK |
||
| 264 |
_aBogotá _bMinisterio de Cultura _bBiblioteca Nacional de Colombia _c1998 |
||
| 336 |
_atexto _btxt _2rdacontent |
||
| 337 |
_asin mediación _bn _2rdamedia |
||
| 338 |
_avolumen _bnc _2rdacarrier |
||
| 040 |
_aCO-BoRNBP _bspa _erda _cCO-BoRNBP |
||
| 999 |
_c5060 _d5060 |
||